Geography by Letter on the World Map - L - Statistics

General Stats
  • This quiz has been taken 23,381 times
    18,559 since last reset
  • The average score is 11 of 20
Answers on the Map
Answers color-coded by a green-red scale on the quiz's map according to % correct below.
 
Answer Stats
Answer % Correct
London
96%
Latin America
94%
Laos
93%
Los Angeles
93%
Louisiana
86%
La Paz
69%
Lapland
67%
Labrador Peninsula
64%
Luxor
63%
Luzon
61%
Loire
58%
Lahore
56%
Lombardy
48%
Lilongwe
45%
Lena
31%
Libyan Desert
28%
Lake Ladoga
23%
Laccadive Sea
18%
Mt. Logan
18%
Laptev Sea
14%
No matching quizzes found
Score Distribution
Percent of People with Each Score
Percentile by Number Answered
Your Score History
You have not taken this quiz since the last reset